Awasthawathaiyada? nirthana panthiye jathiyanthara wadaiya (Record no. 6063)
[ view plain ]
| 000 -LEADER | |
|---|---|
| fixed length control field | 00426nam a22001577a 4500 |
| 005 - DATE AND TIME OF LATEST TRANSACTION | |
| control field | 20250612025950.0 |
| 008 - FIXED-LENGTH DATA ELEMENTS--GENERAL INFORMATION | |
| fixed length control field | 250612b |||||||| |||| 00| 0 eng d |
| 020 ## - INTERNATIONAL STANDARD BOOK NUMBER | |
| ISBN | 9550480029 |
| 082 ## - DDC Classification | |
| DDC Edition Number | 22 |
| Class No. | 320 |
| Item Number - Author Mark | WIJ |
| 245 ## - TITLE STATEMENT | |
| Title | Awasthawathaiyada? nirthana panthiye jathiyanthara wadaiya |
| 250 ## - EDITION STATEMENT | |
| Edition statement | 2nd |
| 260 ## - PUBLICATION, DISTRIBUTION, ETC. | |
| Name of publisher, distributor, etc. | Malima Publishers |
| Date of publication, distribution, etc. | 2011 |
| 300 ## - PHYSICAL DESCRIPTION | |
| Extent (e.g. Volumes, Pages etc.) | 142 p ., |
| 500 ## - GENERAL NOTE | |
| General note | A book of proletarian Internationalism? |
| 942 ## - Koha item type (Biblio) | |
| Koha item type | Books in Stacks (Lending) |
| Lost status | Damaged status | Collection code | Home library | Current library | Date acquired | Full call number | Accession Number | Item type |
|---|---|---|---|---|---|---|---|---|
| Lending | WERC Library | WERC Library | 06/12/2025 | 320 WIJ | 7011 | Books in Stacks (Lending) |
